Fifty shades facts Quiz Stats

 Plays Quiz not verified by Sporcle

Challenge
Share
Tweet
Embed
Score 0/21 Timer 10:00
0 Plays Today
Hint Answer % Correct
At the end what does Christian say to AnaAna
98.1%
Main male characterChristian Grey
91.1%
Christian brotherElliot
88.3%
Main female characterAnastasia Steele
85.4%
Ana's best friendKate
82.9%
PhotographerJose
79%
The phrase Elliot came up withLaters' baby
78.7%
What is the name of Christian's helicopter?Charlie Tango
68.9%
What is Ana's major?English Literature
55.2%
What is the name of Christian's driver?Taylor
51.7%
What is the question that embarrasses Ana?Are you gay?
44.1%
Hint Answer % Correct
Where does Christian live?Escala
38.4%
What is the name of Christian's cook?Mrs. Jones
32.4%
Who is the book author that Christian sends Ana first edition books of?Thomas Hardy
31.4%
Where do Ana and Christian first meet?Grey Enterprises
22.2%
In Fifty Shades Darker, who makes the initiative to see who first?Christian makes the initiative to see Ana first
2.2%
When does Ana tell Christian she loves him?After he hits her with the belt
1.6%
At the masquerade ball, what does Christian's sister Mia have Ana volunteer forthe auction for the first dance
1.3%
Why is Ana afraid to be with Christian?She is afraid he will get tired of her and move on
1%
Why does Christian push Ana away in the beginning?He does not think he is good enough for her
1%
What is Christian's excuse for seeing Ana?Ana needs a ride to see Jose's gallery opening
0.6%

You're not logged in!

Compare scores with friends on all Sporcle quizzes.
Join for Free
OR
Log In

You Might Also Like...

Show Comments

Extras

Created Jun 6, 2015ReportNominate
Tags:shade

Top Quizzes Today


Score Distribution

Your Account Isn't Verified!

In order to create a playlist on Sporcle, you need to verify the email address you used during registration. Go to your Sporcle Settings to finish the process.

Report this User

Report this user for behavior that violates our Community Guidelines.

Details: